000 00750 a2200241 4500
020 _a1558604790
040 _aDLC
_bDLC
082 0 _a006.3
082 0 _a006.3
_a519.2
082 0 _a006.3
082 0 _a519.2
100 1 _aPearl, Judea
245 0 0 _aProbabilistic reasoning in intelligent systems : networks of plausible inference
_bnetworks of plausible inference
_cJudea Pearl
260 _aSan Mateo, Calif. :
_bMorgan Kaufmann,
_ccop. 1988
300 _axix, 552 s. :
_bill.
440 4 _aThe Morgan Kaufmann series in representation and reasoning,
650 0 _aArtificial intelligence
650 0 _aReasoning
650 0 _aProbabilites
650 0 _aArtificial intelligence
650 0 _aProbabilities
942 _cBK
_k006.3 PEA
_2ddc
999 _c6801
_d6801